| 000 | 00554cam a2200217 4500 | ||
|---|---|---|---|
| 008 | 000000n2000 000 0 eng u | ||
| 020 | _a1860814050 | ||
| 035 | _a(Sirsi) u107926 | ||
| 041 | _aeng | ||
| 050 | _a690 | ||
| 100 | _aDe Vekey, R. C. | ||
| 110 | _aBuilding Research Establishment | ||
| 245 | _aInstalling wall ties in existing construction. | ||
| 260 |
_aLondon _bCRC Ltd _c2000 |
||
| 300 | _a16p. : ill. ; 30cm. | ||
| 350 | _a0 | ||
| 490 |
_aBRE Digest _v329 |
||
| 650 | _aWALL TIES | ||
| 690 | _aBUILT ENVIRONMENT | ||
| 942 | _n0 | ||
| 999 |
_c100738 _d100738 |
||